The Thank You Economy/ (Record no. 68666)
[ view plain ]
| 000 -LEADER | |
|---|---|
| fixed length control field | 00707nam a22002057a 4500 |
| 005 - DATE AND TIME OF LATEST TRANSACTION | |
| control field | 20120725145428.0 |
| 010 ## - LCCN (DPL NO) | |
| LC control number | G-002058 |
| 020 ## - INTERNATIONAL STANDARD BOOK NUMBER | |
| International Standard Book Number | 9780061914188 |
| 035 ## - SYSTEM CONTROL NUMBER | |
| System control number | G-002058 |
| 037 ## - SOURCE OF ACQUISITION | |
| Stock number | dpl |
| Source of stock number/acquisition | Gift |
| 082 ## - DEWEY DECIMAL CLASSIFICATION NUMBER | |
| Classification number | 658.8 |
| 100 ## - MAIN ENTRY--PERSONAL NAME | |
| Personal name | Vaynerchuk, Gary. |
| 245 ## - TITLE STATEMENT | |
| Title | The Thank You Economy/ |
| Statement of responsibility, etc | by Gary Vaynerchuk |
| 260 ## - PUBLICATION, DISTRIBUTION, ETC. (IMPRINT) | |
| Place of publication, distribution, etc | New York |
| Name of publisher, distributor, etc | Harper Collins Publishers |
| Date of publication, distribution, etc | 2011 |
| 270 ## - ADDRESS | |
| Address | 10 East 53rd Street |
| City | New York |
| Postal code | 10022 |
| 300 ## - PHYSICAL DESCRIPTION | |
| Extent | 240 p. |
| Other physical details | notes |
| Dimensions | 22 cm. |
| 942 ## - ADDED ENTRY ELEMENTS (KOHA) | |
| Source of classification or shelving scheme | Dewey Decimal Classification |
| Item type | English Books |
| Classification part | 658.8 |
| Call number suffix | VAY |
| Withdrawn status | Lost status | Not for loan | Collection code | Home library | Current library | Date acquired | Source of acquisition | Full call number | Barcode | Copy number | Koha item type |
|---|---|---|---|---|---|---|---|---|---|---|---|
| Non-fiction | Vinoba Puri | Vinoba Puri | 25/07/2012 | Gift | 658.8 VAY | G-002058 | 1 | English Books |
